000 002960000a22001330004500
003 MACL
040 _aMACL
090 _c32681
_d32679
100 _aCampbell, Chellie
245 _aThe Wealthy spirit
260 _bMagna Publishing
_c2002
650 _aEconomics & Land
942 _cBOOK
_k330.16/Cam
999 _c32347
_d32347